Oceanian Geography by Letter - H - Statistics

General Stats
  • This quiz has been taken 158 times
  • The average score is 10 of 20
Answer Stats
Hint Answer % Correct
Sydney Opera _____ House
92%
Tasmanian capital Hobart
90%
City where Waikiki is located Honolulu
86%
The Big Island Hawaiʻi
82%
Capital of Solomon Islands Honiara
75%
Religion of 28% of the Fijian population Hinduism
72%
State dance of Hawaii Hula
64%
New Zealand's fourth-biggest city. Namesake of a musical Hamilton
61%
Sydney's most famous bridge Harbour Bridge
58%
One of Fiji's official languages Fiji {Hindi}
48%
Fast-moving spider that can hunt small lizards Huntsman
42%
Biggest city on the above Hilo
36%
Capital of Guam Hagåtña
24%
Filming location of "Lord of the Rings" {Hobbit}on
23%
Main town of the Easter Island {Hanga} Roa
22%
One of PNG's official languages {Hiri} Motu
19%
Question-asking uninhabited U.S. island east of Kiribati Howland Island
17%
Type of intensely hot area in the mantle below Earth's crust, which creates Hawaii Hotspot
16%
There's a twisty highway that leads to this city on Maui Hana
13%
National park on the Maui island Haleakalā
12%
No matching quizzes found
Score Distribution
Percent of People with Each Score
Percentile by Number Answered
Your Score History
You have not taken this quiz